000 01068nam a2200301 i 4500
003 EG-GICUC
005 20260221115513.0
008 260119s1959 ua o|||fr|||| 00| 0 ara d
040 _a EG-GICUC
_bara
_c EG-GICUC
_d EG-GICUC
_erda
041 0 _aAra
082 0 4 _221
_a343.83
_b م ح . أ
092 0 4 _221
099 _aLaw1 10 343.83 م ح . أ 1959
100 0 _aمحمد أحمد سليمان
_eمؤلف.
245 1 0 _aأصول الطب الشرعى وعلم السموم /
_cتأليف الدكتور محمد أحمد سليمان.
264 1 _aالقاهرة :
_b[الناشر غير محدد]،
_c1959.
300 _a440 صفحة :
_bصور؛
_c24 سم.
336 _2rda content
_atext
337 _2rda media
_aComputer
338 _2rda carrier
_aOnline Resource
546 _aالنص باللغة العربية
650 1 _aالطب الشرعى
_2qrmak
650 1 _aالقانون الجنائى
_2qrmak
651 1 _2qrmak
856 4 0 _uhttps://fll.law.cu.edu.eg/fulltext/bks/B10-07879.pdf
905 _a54
942 _2ddc
_cBK
_e21
_n0
999 _c57781
_d57781